000
00298 a2200157 4500
001
44570
020
_a
040
_c
Anchieta - Aquarius
100
_a
Donato, João
240
1
0
_a
A paz
_l
por
245
1
0
_a
A paz
300
_a
24
362
0
_a
0
650
4
_a
Literatura infantil
942
_c
BK
999
_c
44570
_d
44570